00000000nas 2200000za 4500
0019.509298
003CaOODSP
00520250129103330
007ta
008150406c1991||||xxc|| m #||||f|   |0eng|d
022 |a0835-3980
040 |aCaOODSP|beng
041 |aeng
041 |afre
043 |an-cn---
0861 |aEn57-27
1102 |aMeteorological Service of Canada.
24510|aClimate change digest
260 |aDownsview - Ontario : |bEnvironment Canada.
500 |aIssued also in electronic format.
546 |aBilingual
563 |aSoftcover
7760#|tClimate change digest / |w(CaOODSP)9.911208
78500|tClimate change digest |w(CaOODSP)9.514596
792 |tSommaire du changement climatique |efre|w(CaOODSP)9.509299